Normal view
MARC view
- Johnson, David,
Entry Personal Name
001 - CONTROL NUMBER
- control field: 26672
003 - CONTROL NUMBER IDENTIFIER
- control field: NUST
005 - DATE AND TIME OF LATEST TRANSACTION
- control field: 20191210121000.0
008 - FIXED-LENGTH DATA ELEMENTS
- fixed length control field: 191210|| aca||aabn | a|a d
040 ## - CATALOGING SOURCE
- Original cataloging agency: NUST
- Transcribing agency: NUST
100 ## - HEADING--PERSONAL NAME
- Personal name: Johnson, David,
- Dates associated with a name: 1958 February 12-
670 ## - SOURCE DATA FOUND
- Source citation: Work cat.: (NUST)0: Greed, Clara, 1948- 24192, Planning in the UK :
